000 00538nam a22001937a 4500
003 DO-SdBNP
005 20210909140416.0
007 ta
008 210909b 2018 cl 00| 0 eng d
020 _a9789584854049
040 _aDO-SdBNP
_bspa
_cBNPHU
100 1 _aPeralta, Janibell
_979804
245 1 _aEmpezar de cero /
_cJanibell Peralta
260 _aBogotá, Colombia :
_bs.n.,
_c2018.
300 _a124 p. ;
500 _aIncluye datos biográficos de la autora en la solapa de la cubierta
910 _aBtavárez
942 _2ddc
_cLBS1
999 _c50457
_d50457